000 00700nam a2200253Ia 4500
003 OSt
005 20220918214214.0
006 a|||||r|||| 00| 0
007 ta
008 220917b |||||||| |||| 00| 0 eng d
024 _a136,291
037 _cTextual
040 _aARTS
_cARTS
_beng
041 _2eng
_aeng
082 _aX:8K.73, M0
100 _aSpencer Bruce D
_9130220
245 0 _aBenefit-cost analysis of data used to allocate funds
260 _aNew York
_bSpringer-Verlag
_c1980
300 _avii,296p.
_ccm.
490 _aLecture notes in statistics; 3
650 _aECONOMICS
942 _hX:8K.73, M0
_cTEXL
_2CC
999 _c259381
_d259381